Príprava a vlastnosti salicylátomeďnatých komplexov s niektorými dusíkatými ligandami v tuhom stave a v roztokoch dizertačná práca

Guardado en:
Detalles Bibliográficos
Autor principal: Martiška, Ladislav
Formato: Libro
Lenguaje:eslovaco
Publicado: Bratislava STU FCHPT 2011
Acceso en línea:Ver en el OPAC
Etiquetas: Agregar Etiqueta
Sin Etiquetas, Sea el primero en etiquetar este registro!

MARC

LEADER 00000nam a2200000 a 4500
005 20260127134031.0
008 150126 2011 000 0 slo d
035 |a vtls010649463 
039 9 |y 201501261109  |z mschk03 
040 |a STUSCHK1  |b slo  |c STUSCHK1  |e AACR2 
100 1 |a Martiška, Ladislav 
245 1 |a Príprava a vlastnosti salicylátomeďnatých komplexov s niektorými dusíkatými ligandami v tuhom stave a v roztokoch  |b dizertačná práca  |c Ladislav Martiška 
260 |a Bratislava  |b STU FCHPT  |c 2011 
300 |a 99 s.  |b il.  |c 30 cm 
500 |a Študijný program a odbor: anorganická chémia 
500 |a Školiace pracovisko: Odd. anorganickej chémie 
910 |a SCHK95 
999 |c 2513  |d 2513